Statistiche per Regioni Italiane Dalla Popolazione

Clicka qui per fare il quiz!

Statistiche generali

  • Questo quiz è stato fatto 30 volte
  • Il punteggio medio è 18 su 20

Statistiche sulle risposte

PopolazioneRegione% Corretto
9.950.742Lombardia
100%
5.707.112Lazio
96%
4.838.253Veneto
93%
536.659Basilicata
89%
1.841.300Calabria
89%
5.592.175Campania
89%
4.426.929Emilia-Romagna
89%
1.480.839Marche
89%
289.840Molise
89%
4.240.736Piemonte
89%
1.575.028Sardegna
89%
4.802.016Sicilia
89%
3.651.152Toscana
89%
854.137Umbria
89%
122.955Valle d'Aosta
89%
1.269.860Abruzzo
85%
1.192.191Friuli Venezia-Giulia
85%
1.502.624Liguria
85%
3.900.852Puglia
85%
1.075.317Trentino Alto-Adige
85%

Distribuzione punteggi

Percentile per numero di risposta

Percentuale di utenti per punteggio

I tuoi punteggi nel tempo

Non hai fatto questo quiz